Mobility and uptake of phosphorus by rice and wheat in titanium dioxide nanoparticles amended soil/ (Record no. 525469)
[ view plain ]
| 000 -LEADER | |
|---|---|
| fixed length control field | 00760nam a22002177a 4500 |
| 003 - CONTROL NUMBER IDENTIFIER | |
| control field | NUST |
| 005 - DATE AND TIME OF LATEST TRANSACTION | |
| control field | 20240627105754.0 |
| 008 - FIXED-LENGTH DATA ELEMENTS--GENERAL INFORMATION | |
| fixed length control field | 190702b ||||| |||| 00| 0 eng d |
| 038 ## - RECORD CONTENT LICENSOR | |
| Staff Name | Nusrat Nadeem |
| 040 ## - CATALOGING SOURCE | |
| Transcribing agency | 0 |
| 082 ## - DEWEY DECIMAL CLASSIFICATION NUMBER | |
| Classification number | 200 |
| 100 ## - MAIN ENTRY--PERSONAL NAME | |
| Personal name | Zahra |
| 9 (RLIN) | 16364 |
| 245 ## - TITLE STATEMENT | |
| Title | Mobility and uptake of phosphorus by rice and wheat in titanium dioxide nanoparticles amended soil/ |
| Statement of responsibility, etc. | Zahra |
| 260 ## - PUBLICATION, DISTRIBUTION, ETC. | |
| Place of publication, distribution, etc. | Islamabad; |
| Name of publisher, distributor, etc. | IESE (SCEE) NUST; |
| Date of publication, distribution, etc. | 2019. |
| 300 ## - PHYSICAL DESCRIPTION | |
| Extent | 174p. |
| Other physical details | H.B |
| 440 ## - SERIES STATEMENT/ADDED ENTRY--TITLE | |
| Title | PhD-Environmental Science |
| 9 (RLIN) | 1817 |
| 650 ## - SUBJECT ADDED ENTRY--TOPICAL TERM | |
| Topical term or geographic name entry element | Environmental Science |
| 9 (RLIN) | 1725 |
| 700 ## - ADDED ENTRY--PERSONAL NAME | |
| Relator code | Supervisor:Dr. Muhammad Arshad |
| 856 ## - ELECTRONIC LOCATION AND ACCESS | |
| Uniform Resource Identifier | <a href="http://10.250.8.41:8080/xmlui/handle/123456789/3054">http://10.250.8.41:8080/xmlui/handle/123456789/3054</a> |
| 942 ## - ADDED ENTRY ELEMENTS (KOHA) | |
| Source of classification or shelving scheme | |
| Koha item type | Soft Copy |
| Withdrawn status | Lost status | Source of classification or shelving scheme | Damaged status | Not for loan | Permanent Location | Current Location | Shelving location | Date acquired | Total Checkouts | Full call number | Barcode | Date last seen | Price effective from | Koha item type |
|---|---|---|---|---|---|---|---|---|---|---|---|---|---|---|
| Central Library (CL) | Central Library (CL) | Thesis | 06/27/2024 | 200 | CLPT-410 | 06/27/2024 | 06/27/2024 | Thesis | ||||||
| Not For Loan | Institute of Environmental Science and Engineering (IESE) | Institute of Environmental Science and Engineering (IESE) | Thesis | 07/02/2019 | 363.7 ZAH | IESE-T-579 | 07/02/2019 | 07/02/2019 | Thesis |
